| 000 | 00770cam a2200289 4500500 | ||
|---|---|---|---|
| 005 | 20260329003104.0 | ||
| 041 | _afre | ||
| 042 | _adc | ||
| 100 | 1 | 0 |
_aLacroix, Alexandre _eauthor |
| 245 | 0 | 0 | _aRésonances / Octobre 2014 |
| 260 | _c2014. | ||
| 500 | _a59 | ||
| 690 | _aAnthropologie | ||
| 690 | _aBakhtine | ||
| 690 | _aDiscours | ||
| 690 | _aEbola | ||
| 690 | _aEmmanuel Macron | ||
| 690 | _aÉtat | ||
| 690 | _aÉtat islamique | ||
| 690 | _aGouvernement | ||
| 690 | _aHegel | ||
| 690 | _aPoutine | ||
| 690 | _aScience | ||
| 690 | _aTraditions | ||
| 786 | 0 | _nPhilosophie magazine | 83 | 10 | 2014-10-01 | p. 2-2 | 1951-1787 | |
| 856 | 4 | 1 | _uhttps://shs.cairn.info/magazine-philosophie-magazine-2014-10-page-2?lang=fr&redirect-ssocas=7080 |
| 999 |
_c1821330 _d1821330 |
||